Methods of representation theory : with applications to finite groups and orders /
Guardado en:
| Autor Principal: | |
|---|---|
| Otros Autores: | |
| Formato: | Libro |
| Idioma: | English |
| Publicado: |
New York :
Wiley,
1990, c1981.
|
| Edición: | Wiley classics library ed. |
| Series: | Wiley classics library
|
| Materias: | |
| Etiquetas: |
Agregar Etiqueta
Sin Etiquetas, Sea el primero en etiquetar este registro!
|
| LEADER | 01017nam a2200265 a 4500 | ||
|---|---|---|---|
| 001 | MAT.inmabb003693 | ||
| 008 | 060206t19901981nyu######b####001#0#eng## | ||
| 005 | 20130304101503.0 | ||
| 245 | 1 | 0 | |a Methods of representation theory : |b with applications to finite groups and orders / |c Charles W. Curtis, Irving Reiner. |
| 250 | |a Wiley classics library ed. | ||
| 260 | |a New York : |b Wiley, |c 1990, c1981. | ||
| 300 | |a <1> v. ; |c 23 cm. | ||
| 440 | 0 | |a Wiley classics library | |
| 500 | |a "A Wiley-Interscience publication." | ||
| 504 | |a Incluye referencias bibliográficas (v. 1, p. 795-812) e índice. | ||
| 510 | 4 | |a MR, |c 82i:20001 |3 (v. 1, ed. original) | |
| 020 | |a 0471523674 (v. 1) | ||
| 100 | 1 | |a Curtis, Charles W. | |
| 700 | 1 | |a Reiner, Irving. | |
| 650 | 0 | |a Representations of groups. | |
| 650 | 0 | |a Finite groups. | |
| 084 | |a 20-02 (10C30 12A57 20Cxx) |2 MR | ||
| 084 | |a 20-02 (11Exx 18F25 19A31 19B28 19C99 20Cxx) |2 MR | ||
| 084 | |a 20-02 (01A75 11R33 20Cxx) |2 MR | ||
| 859 | |h 20 |i C978-2 |p A-7354 |v 1 |3 Vol. 1 |b BIB. MATEMATICA | ||
